000 00617nam a22001697a 4500
003 OSt
005 20171010095440.0
008 120608t xxu||||| |||| 00| 0 eng d
040 _aMMSU
_cULS
100 _aLagmay, Neva Jayne A.
_910117
245 _aAdoption of the beekeeping technology in Sinait, Ilocos Sur
_cNeva Jayne A. Lagmay
260 _c2007
300 _axvi, 48 leaves
_c28 cm.
500 _aThesis (BS Development Communication) -- Mariano Marcos State University-College of Agriculture, Food and Sustainable Development, Batac City
504 _aBibliography: leaves 38-39
942 _2ddc
_cTHEDIS
999 _c9545
_d9545